|
|
|
|
| LEADER |
00000nam0a2200000 4500 |
| 001 |
150440 |
| 005 |
20231101221501.0 |
| 010 |
|
|
|a 9785020366343
|
| 035 |
|
|
|a (RuTPU)RU\TPU\book\163105
|
| 090 |
|
|
|a 150440
|
| 100 |
|
|
|a 20090112d2008 k y0rusy50 ca
|
| 101 |
0 |
|
|a rus
|
| 102 |
|
|
|a RU
|
| 105 |
|
|
|a a z 001zy
|
| 200 |
1 |
|
|a Импульсные сверхзвуковые струйные течения
|f В. В. Голуб, Т. В. Баженова
|g Российская академия наук (РАН), Институт высоких температур (ИВТ) ; отв. ред. В. Е. Фортов
|
| 210 |
|
|
|a Москва
|c Наука
|d 2008
|
| 215 |
|
|
|a 279 с.
|c ил.
|
| 320 |
|
|
|a Литература: с. 264-277.
|
| 330 |
|
|
|a В монографии обобщены литературные данные и собственные экспериментальные и теоретические работы авторов в области нестационарных струйных течений расширения и их взаимодействия с преградой в зависимости от начальных и граничных условий, приведены данные о технике эксперимента по исследованию нестационарных трехмерных течений и методике обработки результатов, описаны разработанные физическая и математическая модели исследованных пространственных течений сжимаемого газа. Для специалистов в области газовой динамики.
|
| 606 |
1 |
|
|a Струйные течения, сверхзвуковые
|2 stltpush
|3 (RuTPU)RU\TPU\subj\67344
|9 83187
|
| 610 |
1 |
|
|a импульсные течения
|
| 610 |
1 |
|
|a струи
|
| 610 |
1 |
|
|a ударные волны
|
| 610 |
1 |
|
|a вихревые структуры
|
| 610 |
1 |
|
|a недорасширенные импульсные струи
|
| 610 |
1 |
|
|a течения расширения
|
| 610 |
1 |
|
|a импульсные сверхзвуковые потоки
|
| 610 |
1 |
|
|a преграды
|
| 610 |
1 |
|
|a неравновесные процессы
|
| 675 |
|
|
|a 533.6.011.5
|v 3
|
| 700 |
|
1 |
|a Голуб
|b В. В.
|g Виктор Владимирович
|
| 701 |
|
1 |
|a Баженова
|b Т. В.
|g Татьяна Валериановна
|
| 702 |
|
1 |
|a Фортов
|b В. Е.
|g Владимир Евгеньевич
|4 340
|
| 712 |
0 |
2 |
|a Российская академия наук (РАН)
|b Институт высоких температур (ИВТ)
|c (Москва)
|2 stltpush
|3 (RuTPU)RU\TPU\col\1101
|
| 801 |
|
1 |
|a RU
|b 63413507
|c 20090112
|g PSBO
|
| 801 |
|
2 |
|a RU
|b 63413507
|c 20090123
|g PSBO
|
| 942 |
|
|
|c BK
|